Understanding human development (Record no. 1365900)

MARC details
000 -LEADER
fixed length control field 00592nam a2200217Ia 4500
005 - DATE AND TIME OF LATEST TRANSACTION
control field 20250508160648.0
008 - FIXED-LENGTH DATA ELEMENTS--GENERAL INFORMATION
fixed length control field 008 250505s9999 xx 000 0 eng d
037 ## - SOURCE OF ACQUISITION
Stock number Textual
040 ## - CATALOGING SOURCE
Original cataloging agency FEDL
Language of cataloging eng
Transcribing agency FEDL
041 ## - LANGUAGE CODE
Language code of text/sound track or separate title eng
Source of code eng
084 ## - COLON CLASSIFICATION NUMBER
Classification number 150, LAN
Assigning agency FEDL
100 ## - MAIN ENTRY--PERSONAL NAME
Personal name Lane Howard
9 (RLIN) 91377
245 #0 - TITLE STATEMENT
Title Understanding human development
260 ## - PUBLICATION, DISTRIBUTION, ETC.
Place of publication, distribution, etc. Englewood Cliffs
Name of publisher, distributor, etc. Prentice-Hall
Date of publication, distribution, etc. 1959
300 ## - PHYSICAL DESCRIPTION
Extent xviii,492p.
365 ## - TRADE PRICE
Price type code INR
Price amount 71.64
650 ## - SUBJECT ADDED ENTRY--TOPICAL TERM
Topical term or geographic name entry element Psychology
700 ## - ADDED ENTRY--PERSONAL NAME
Personal name Beauchamp Mary
9 (RLIN) 769047
942 ## - ADDED ENTRY ELEMENTS (KOHA)
Koha item type Textual
Classification part 150, LAN
Holdings
Withdrawn status Lost status Damaged status Not for loan Home library Current library Date acquired Cost, normal purchase price Total Checkouts Full call number Barcode Date last seen Price effective from Koha item type
        Department of Education Library Department of Education Library 2025-05-08 71.64   150, LAN EL0052498 2025-05-08 2025-05-08 Textual
Copyright @ Delhi University Library System